000
00459nam a22001337a 4500
020
_a
9789351118107
082
_a
658.421 PUR
100
_a
Ashok Purohit
245
_a
Economics entrepreneurship and taxation
260
_a
New Delhi
_b
Random publication
_c
2016
300
_a
273p
942
_c
BK
999
_c
3552
_d
3552